[Event "SLO-chT2 West"]
[Site "Slovenia"]
[Date "2010.11.07"]
[Round "4.6"]
[White "Ursic, Jakob"]
[Black "Loknar, Kresimir"]
[Result "1-0"]
[WhiteElo "1976"]
[BlackElo "1723"]
[PlyCount "120"]
[EventDate "2010.11.05"]
[EventType "team-tourn"]
[EventRounds "9"]
[EventCountry "SLO"]
[SourceTitle "EXT 2022"]
[Source "ChessBase"]
[SourceDate "2021.10.06"]
[SourceVersion "1"]
[SourceVersionDate "2021.10.06"]
[SourceQuality "1"]

1. e4 e5 2. Nf3 Nf6 3. Nc3 Bb4 4. Nxe5 Bxc3 5. dxc3 d6 6. Nf3 Nxe4 7. Bd3 0-0 8. Be3 Re8 9. Bxe4 Rxe4 10. Qd5 Qe8 11. 0-0-0 Nc6 12. h3 Ra4 13. a3 Ra5 14. Qc4 Be6 15. Qh4 Bf5 16. Nd4 Bg6 17. Rhe1 Qd7 18. g4 Ne5 19. f4 c5 20. Nb3 Nf3 21. Qf2 Bxc2 22. Qxc2 Nxe1 23. Rxe1 Ra6 24. f5 b5 25. Qd2 Qc7 26. Qe2 Qc6 27. Bf4 b4 28. axb4 cxb4 29. Kb1 bxc3 30. bxc3 Rb8 31. Kc1 h6 32. Qc2 Qa4 33. Nd4 Qa3+ 34. Kd1 Rb2 35. Re8+ Kh7 36. Qd3 Qa4+ 37. Nc2 Rb1+ 38. Bc1 Qxe8 39. Qxa6 Qe4 40. Ne1 Rxc1+ 41. Kxc1 Qxe1+ 42. Kc2 Qf2+ 43. Kb3 Qc5 44. Qb7 Qb6+ 45. Qxb6 axb6 46. Kc4 g6 47. Kd5 gxf5 48. gxf5 Kg7 49. Kxd6 Kf6 50. Kc6 Kxf5 51. Kxb6 Ke6 52. c4 Kd7 53. Kb7 Kd6 54. Kb6 Kd7 55. Kc5 Ke6 56. Kd4 f5 57. h4 h5 58. c5 f4 59. Ke4 f3 60. Kxf3 Kd5 1-0

[Event "SLO-chT2 West"]
[Site "Postojna"]
[Date "2009.10.25"]
[Round "4.6"]
[White "Pecnik, Primoz"]
[Black "Loknar, Kresimir"]
[Result "1-0"]
[WhiteElo "1824"]
[BlackElo "1747"]
[PlyCount "91"]
[EventDate "2009.10.23"]
[EventType "team-tourn"]
[EventRounds "9"]
[EventCountry "SLO"]
[SourceTitle "EXT 2010"]
[Source "ChessBase"]
[SourceDate "2010.11.25"]
[SourceVersion "1"]
[SourceVersionDate "2010.11.25"]
[SourceQuality "1"]
[WhiteTeam "Lojz Kraigher"]
[BlackTeam "Loska Dolina"]
[WhiteTeamCountry "SLO"]
[BlackTeamCountry "SLO"]

1. e4 e5 2. Nc3 Nf6 3. f4 d6 4. Nf3 exf4 5. d4 Nh5 6. Bc4 Be7 7. 0-0 0-0 8. Nd5 c6 9. Nxf4 Nxf4 10. Bxf4 Bg4 11. c3 Nd7 12. Qe1 Kh8 13. Qg3 Nf6 14. e5 Bxf3 15. exf6 Bxf6 16. Rxf3 d5 17. Bd3 Re8 18. Raf1 c5 19. Be5 Bxe5 20. dxe5 c4 21. Rxf7 Rg8 22. Bb1 Qb6+ 23. Qf2 Qe6 24. Qf5 Qb6+ 25. Kh1 g6 26. Qf6+ Qxf6 27. exf6 Rae8 28. Re7 Rxe7 29. fxe7 Kg7 30. Rf8 Rxf8 31. exf8Q+ Kxf8 32. Kg1 Ke7 33. Kf2 Kf6 34. Ke3 Ke5 35. h4 b5 36. g4 b4 37. Bc2 a5 38. g5 Ke6 39. Kd4 Kd6 40. cxb4 axb4 41. a4 b3 42. Bxg6 hxg6 43. a5 Kc6 44. a6 Kb6 45. h5 gxh5 46. g6 1-0

[Event "SLO-chT2 West"]
[Site "Postojna"]
[Date "2009.10.24"]
[Round "2.6"]
[White "Bozic, Juro"]
[Black "Loknar, Kresimir"]
[Result "0-1"]
[WhiteElo "1841"]
[BlackElo "1747"]
[PlyCount "56"]
[EventDate "2009.10.23"]
[EventType "team-tourn"]
[EventRounds "9"]
[EventCountry "SLO"]
[SourceTitle "EXT 2010"]
[Source "ChessBase"]
[SourceDate "2010.11.25"]
[SourceVersion "1"]
[SourceVersionDate "2010.11.25"]
[SourceQuality "1"]
[WhiteTeam "Postojna"]
[BlackTeam "Loska Dolina"]
[WhiteTeamCountry "SLO"]
[BlackTeamCountry "SLO"]

1. e4 e5 2. Nc3 Nf6 3. Bc4 Bb4 4. f4 Bxc3 5. dxc3 Nxe4 6. Nf3 exf4 7. 0-0 0-0 8. Qd4 Nd6 9. Bd3 Nc6 10. Qxf4 Ne7 11. h4 Ng6 12. Qg3 f5 13. Bg5 Qe8 14. Rae1 Qf7 15. h5 Nh8 16. Re7 Qxh5 17. Bf6 Rf7 18. Rfe1 Ng6 19. Re8+ Rf8 20. R8e7 Rxf6 21. R7e2 Qg4 22. Qf2 Nf4 23. Bc4+ Nxc4 24. Re8+ Rf8 25. Kf1 Nd6 26. R8e7 Ne4 27. Qg1 b6 28. Ne5 Qh4 0-1

[Event "SLO-chT2"]
[Site "Slovenia"]
[Date "2003.05.15"]
[Round "3"]
[White "Kastelic, Stefan"]
[Black "Loknar, Kresimir"]
[Result "1-0"]
[WhiteElo "1961"]
[BlackElo "1604"]
[PlyCount "46"]
[EventDate "2003.05.02"]
[EventType "team"]
[EventRounds "9"]
[EventCountry "SLO"]
[SourceTitle "EXT 2005"]
[Source "ChessBase"]
[SourceDate "2004.11.15"]
[SourceVersion "1"]
[SourceVersionDate "2004.11.15"]
[SourceQuality "1"]

1. d4 e6 2. e4 c5 3. c3 h6 4. Nf3 Qc7 5. Be2 Nf6 6. e5 Nd5 7. c4 Nb6 8. d5 exd5 9. cxd5 d6 10. Bf4 Bg4 11. Nc3 a6 12. 0-0 Bxf3 13. Bxf3 dxe5 14. Bxe5 Bd6 15. Bxg7 Rg8 16. Re1+ Kd8 17. Bf6+ Kc8 18. Qe2 Qd7 19. a4 Qh3 20. Qe8+ Rxe8 21. Rxe8+ Kd7 22. Rd8+ Kc7 23. gxh3 N8d7 1-0

[Event "SLO-chT2"]
[Site "Slovenia"]
[Date "2002.04.28"]
[Round "2"]
[White "Osolin, Bogdan"]
[Black "Loknar, Kresimir"]
[Result "1-0"]
[WhiteElo "2076"]
[BlackElo "1609"]
[PlyCount "45"]
[EventDate "2002.04.07"]
[EventType "team"]
[EventRounds "9"]
[EventCountry "SLO"]
[SourceTitle "EXT 2005"]
[Source "ChessBase"]
[SourceDate "2004.11.15"]
[SourceVersion "1"]
[SourceVersionDate "2004.11.15"]
[SourceQuality "1"]

1. e4 e5 2. Nf3 Nf6 3. Nxe5 Nxe4 4. Qe2 d5 5. d3 Bb4+ 6. c3 Bd6 7. Nf3 0-0 8. dxe4 dxe4 9. Nd4 c5 10. Nc2 Nc6 11. Nba3 Ne5 12. Qxe4 Re8 13. Be3 Ng4 14. Qd3 Ne5 15. Qd2 Bg4 16. Nc4 Nxc4 17. Bxc4 Qb6 18. 0-0 Rad8 19. Qc1 Qc7 20. h3 Bc8 21. Bg5 Be7 22. Qf4 Bxg5 23. Qxc7 1-0

[Event "SLO-chT2"]
[Site "Slovenia"]
[Date "2002.??.??"]
[Round "4"]
[White "Loknar, Kresimir"]
[Black "Kovacic, Peter"]
[Result "0-1"]
[WhiteElo "1609"]
[BlackElo "2182"]
[PlyCount "50"]
[EventDate "2002.04.07"]
[EventType "team"]
[EventRounds "9"]
[EventCountry "SLO"]
[SourceTitle "EXT 2005"]
[Source "ChessBase"]
[SourceDate "2004.11.15"]
[SourceVersion "1"]
[SourceVersionDate "2004.11.15"]
[SourceQuality "1"]

1. d4 Nf6 2. c4 e6 3. Nf3 Bb4+ 4. Nc3 c5 5. Bg5 h6 6. Bd2 cxd4 7. Nxd4 0-0 8. Ncb5 Be7 9. Nf3 Ne4 10. Qc2 f5 11. Nc3 Nc6 12. Nxe4 fxe4 13. Qxe4 d5 14. cxd5 exd5 15. Qg6 Bf5 16. Qh5 Qb6 17. b3 Nb4 18. Rc1 Nxa2 19. g4 Be4 20. Bg2 Nxc1 21. Bxc1 Bb4+ 22. Kf1 Rac8 23. Be3 Qf6 24. Qe5 Bxf3 25. Qxf6 Bxg2+ 0-1